000 00623nam a2200253Ia 4500
005 20260121161138.0
008 008 260114s9999 xx 000 0 eng d
020 _a9780429443039
037 _aEBOOK
040 _aCRL
040 _beng
040 _cCRL
041 _2eng
041 _aeng
084 _qCRL
100 _a G. D. H. Cole
_91040772
245 4 _aThe British Co-operative Movement in a Socialist Society
260 _bTaylor and Francis
260 _c1951
856 _uhttp://www.taylorfrancis.com/books/9780429443039
942 _cEBOOK
999 _c1607588
_d1607588